Dzielnice i osiedla Poznania - Statystyki

Ogólne statystyki
  • Ten quiz został rozwiązany 587 razy
  • Średni wynik to 16 z 42
Statystyki odpowiedzi
% Poprawnych
Jeżyce
75%
Stare Miasto
71%
Wilda
70%
Rataje
69%
Piątkowo
65%
Zielony Dębiec
65%
Ostrów Tumski-Śródka-Zawady-Komandoria
59%
Św. Łazarz
58%
Junikowo
56%
Górczyn
54%
Starołęka-Minikowo-Marlewo
53%
Ogrody
49%
Ławica
46%
Naramowice
46%
Strzeszyn
43%
Żegrze
41%
Sołacz
40%
Jana III Sobieskiego i Marysieńki
39%
Antoninek-Zieliniec-Kobylepole
38%
Winiary
38%
Warszawskie-Pomet-Maltańskie
36%
Morasko-Radojewo
35%
Podolany
35%
Wola
33%
Chartowo
32%
Krzyżowniki-Smochowice
29%
Świerczewo
29%
Kiekrz
28%
Umultowo
28%
Główna
27%
Grunwald Południe
27%
Krzesiny-Pokrzywno-Garaszewo
27%
Grunwald Północ
26%
Szczepankowo-Spławie-Krzesinki
26%
Fabianowo-Kotowo
20%
Głuszyna
19%
Kwiatowe
15%
Stary Grunwald
15%
Stare Winogrady
13%
Nowe Winogrady Północ
9%
Nowe Winogrady Południe
8%
Nowe Winogrady Wschód
7%
Nie znaleziono quizów pasujących do podanych kryteriów
Rozkład punktacji
Procent ludzi z każdym wynikiem
Percentyl według liczby udzielonych odpowiedzi
Twoja historia wyników
Nie rozwiązałeś tego quizu